ბათუმის შოთა რუსთაველის სახელმწიფო უნივერსიტეტის ბიბლიოთეკა

წარმატების გასაღები : (ბიბ.ჩანაწერი № 40245)

000 -ლიდერი
ფიქსირებული სიგრძის საკონტროლო ველი 01422nam a2200277Ia 4500
001 - საკონტროლო ნომერი
საკონტროლო ველი 6853
003 - საკონტროლო ნომრის იდენტიფიკატორი
საკონტროლო ველი GE_BSU
005 - ბოლო ოპერაციის თარიღი და დრო
საკონტროლო ველი 20211209120105.0
008 - ფიქსირებული სიგრძის მონაცემთა ელემენტები - ზოგადი ინფორმაცია
ფიქსირებული სიგრძის საკონტროლო ველი 181216s2012ge xx |||||||||||||| ||geo||
020 ## - წიგნის საერთაშორისო სტანდარტული ნომერი
International Standard Book Number 9789941048050.
040 ## - კატალოგიზაციის წყარო
Transcribing agency GE_BSU
041 ## - ენის კოდი
Language code of text/sound track or separate title geo
080 ## - უნივერსალური ათობითი კლასიფიკაციის ინდექსი
Universal Decimal Classification number 808.5+316.77+395 ს-53
100 ## - მთავარი ჩანაწერი - პიროვნების სახელი
Personal name სირაბიძე,ნათია.
9 (RLIN) 13226
245 ## - ცნობა სათაურის შესახებ
Title წარმატების გასაღები :
Remainder of title საჯარო გამოსვლის პრაქტ.სახელმძღვ. /
Statement of responsibility, etc ნათია სირაბიძე ; რედ. მანანა სურგულაძე; ილ.ნინა მასალკინა.
264 ## - წარმოების, გამოცემის, დისტრიბუციის და სხვა ცნობები
გამოცემის, წარმოების, დისტრიბუციის... ადგილი ბათუმი,
გამოცემის, წარმოების, დისტრიბუციის... თარიღი 2012.
300 ## - ფიზიკური აღწერა
Extent 392 გვ.:
Other physical details ილ ;
Dimensions 20 სმ.
501 ## - შენიშვნა თანმხლებ მასალაზე
With note გლოსარიუმი:გვ.383-389. სახელთა საძიებელი გვ.390-391.
504 ## - BIBLIOGRAPHY, ETC. NOTE
Bibliography, etc ბიბლიოგრ:გვ.377-382
653 ## - INDEX TERM--UNCONTROLLED
Uncontrolled term ორატორული ხელოვნება ეტიკეტი
653 ## - INDEX TERM--UNCONTROLLED
Uncontrolled term კომუნიკაცია
653 ## - INDEX TERM--UNCONTROLLED
Uncontrolled term საჯარო გამოსვლების ხელოვნება
700 ## - ADDED ENTRY--PERSONAL NAME
Personal name სურგულაძე, მანანა
Relator term რედაქტორი
9 (RLIN) 13227
700 ## - ADDED ENTRY--PERSONAL NAME
Personal name მასალკინა, ნინა
Relator term ილუსტრატორი
9 (RLIN) 13228
942 ## - ADDED ENTRY ELEMENTS (KOHA)
Koha item type წიგნი
Source of classification or shelving scheme
ეგზემპლარები
ჩამოწერის სტატუსი დაკარგული ეგზემპლარის სტატუსი კლასიფიკაციის წყარო ან თაროზე გაწყობის სქემა დაზიანების სტატუსი არ გაიცემა მუდმივი მდებარეობა (დაცვის ადგილი) ამჟამინდელი ადგილსამყოფელი თაროზე განთავსების ადგილი შეძენის თარიღი ღირებულება, შესყიდვის ნორმალური ფასი სრული შენახვის შიფრი შტრიხკოდი ბოლო ოპერაციის თარიღი ეგზემპლარის მიმდევრობითი ნომერი (კეტერი?) ფასის ძალაში შესვლის თარიღი ეგზემპლარის სახეობა საჯარო შენიშვნა
          ბათუმის შოთა რუსთაველის სახელმწიფო უნივერსიტეტის მთავარი ბიბლიოთეკა ბათუმის შოთა რუსთაველის სახელმწიფო უნივერსიტეტის მთავარი ბიბლიოთეკა წიგნსაცავი 2018-12-17 12.00 808.5+316.77+395 ს-53 22523 2018-12-17 22523 2018-12-17 წიგნი 12.00
          ბათუმის შოთა რუსთაველის სახელმწიფო უნივერსიტეტის მთავარი ბიბლიოთეკა ბათუმის შოთა რუსთაველის სახელმწიფო უნივერსიტეტის მთავარი ბიბლიოთეკა წიგნსაცავი 2018-12-17 12.00 808.5+316.77+395 ს-53 22524 2018-12-17 22524 2018-12-17 წიგნი 12.00
          ბათუმის შოთა რუსთაველის სახელმწიფო უნივერსიტეტის მთავარი ბიბლიოთეკა ბათუმის შოთა რუსთაველის სახელმწიფო უნივერსიტეტის მთავარი ბიბლიოთეკა წიგნსაცავი 2018-12-17 12.00 808.5+316.77+395 ს-53 22525 2018-12-17 22525 2018-12-17 წიგნი 12.00
          ბათუმის შოთა რუსთაველის სახელმწიფო უნივერსიტეტის მთავარი ბიბლიოთეკა ბათუმის შოთა რუსთაველის სახელმწიფო უნივერსიტეტის მთავარი ბიბლიოთეკა წიგნსაცავი 2018-12-17 12.00 808.5+316.77+395 ს-53 22526 2018-12-17 22526 2018-12-17 წიგნი 12.00